000 00226nam a22000977a 4500
003 OSt
008 201013b ||||| |||| 00| 0 eng d
100 _aJohn, K C
_aVarghese , P I
_94785
245 _a Machine Drawing
942 _cBK
999 _c16372
_d16372